00434nmm a2200157Ia 4500008004100000020001800041041000800059100002600067245002000093264004800113300001800161650002200179856005100201942000700252999001700259251105s9999||||xx |||||||||||||||||und|| a9781671921443 aspa aSierra i Fabra, Jordi 0aEl último set a[Madrid, España] :bEditorial SiF, c2019 a292 páginas aSpanish narrative uhttps://public.digitaliapublishing.com/a/98931 cCF c75323d75323